| 000 | 00616nam a2200277Ia 4500 | ||
|---|---|---|---|
| 001 | Z_2062 | ||
| 003 | CHAP | ||
| 008 | 220113s1980 xx 000 0 und d | ||
| 010 | _a165135 | ||
| 040 | _cCHAP | ||
| 090 | _aFolleto 302 | ||
| 100 | _a | ||
| 245 |
_aManejo del pollo de engorda / _cpor Arbor Acres |
||
| 260 |
_aMéxico, D. F. : _bArbor Acres, _c1980 |
||
| 300 | _a16 h. | ||
| 440 | _a | ||
| 500 | _aFotocopía | ||
| 503 | _a | ||
| 650 |
_aAves de corral _xCría de I. t. _9139180 |
||
| 901 | _aFolleto 302 | ||
| 902 | _aA | ||
| 910 | _a1980 | ||
| 942 | _cc14 | ||
| 942 | _cc14 | ||
| 999 |
_c165135 _d165135 |
||